000 00540nam a22001697a 4500
008 160628b xxu||||| |||| 00| 0 eng d
020 _a9710856316
082 _22000
_aDFil 346.07
_bN72
100 _910665
_aNolledo, Jose N.
245 _aHandbook on sales, agency and bailments:
_bfor Commerce students/
_cJose N. Nolledo
260 _aMandaluyong City:
_bNational Book Store,
_cc2000.
300 _a510 pages:
_c22 cm.
500 _aInclude index.
650 0 _910667
_aBusiness law
650 0 _910668
_aCommercial law
942 _2ddc
_cDFIL
999 _c3192
_d3192